| 000 | 00892cab a2200205 4500 | ||
|---|---|---|---|
| 001 | ABS40528 | ||
| 008 | 090401t1989 xxu||||| |||| 00| 0 eng d | ||
| 035 | _a(Sirsi) u24534 | ||
| 041 | _aeng | ||
| 100 | _aPrestridge, J. | ||
| 245 | _aBES: an assured winner? | ||
| 260 | _c1989 | ||
| 350 | _a0 | ||
| 490 |
_aMoney Management _vMarch 1989, 63-71(7) |
||
| 520 | _aExtension of the Business Expansion Scheme in March 1988 to include companies providing low cost residential property for letting under assured tenancies brought renewed interest in this form of investment . The range of schemes currently on offer is reviewed and factors to be taken into consideration when selecting a scheme are highlighted. | ||
| 650 | _aPROPERTY-RESIDENTIAL PROPERTY-RESIDENTIAL LANDLORD AND TENANT-RESIDENTIAL TENANCIES | ||
| 690 | _aPROPERTY LAW AND PRACTICE | ||
| 942 | _n0 | ||
| 948 | _c04/03/1997 | ||
| 999 |
_c16456 _d16456 |
||